000 01071cam a2200229 4500
001 X121559
008 030306n2003 000 0 eng u
035 _a(Sirsi) u121559
100 _aWillems, M.
245 _aTime is the thief of money: what is the delay & disruption protocol, and will it avoid disputes?
260 _c2003
490 _aNew Civil Engineer
_v13 February 2003, 20-21(2)
520 _aExamines the Delay and Disruption Protocol. Explains what it is, what it does and questions if it can help avoid disputes. The protocol was launched in 2002 by the Society of Construction Law (SCL) aiming to provide guidance over delays in construction projects acting as a set of guidelines. It also aims to tread the diplomatic path between employer and contractor.
650 _aCONSTRUCTION PROJECTS
650 _aCONSTRUCTION DISPUTES
650 _aDELAYS
650 _aGUIDANCE
650 _aSOCIETY OF CONSTRUCTION LAW DELAY AND DISRUPTION PROTOCOL
650 _aDISPUTE AVOIDANCE
690 _aBUILDING AND CONSTRUCTION-PROJECTS
942 _n0
999 _c72256
_d72256